000 00472nam a2200181Ia 4500
001 5030
005 20260306145838.0
008 260306t1995||||xx |||||||||||||| ||spa||
041 _aESP
082 _a332.671
_bR72
100 _aRoca, Santiago
_eAUT
245 0 _aLa inversión en el Perú 1996:
_bambiente, sectores, financiamiento y estrategias
260 _c1995
300 _a355 páginas :
_c24 cm.
650 _aGEN
654 _aCAN
942 _cLIB
_dJUS
_fJUS
_2ddc
_n
999 _c5030
_d5030